000 01002cam a2200133 4500500
005 20251012001124.0
041 _afre
042 _adc
100 1 0 _aMichaud, Yves
_eauthor
245 0 0 _aL'Histoire, la Sociologie et l'Anthropologie : N°02
260 _bOdile Jacob,
_c2002.
520 _aUne réflexion sur les sciences humaines aujourd’hui : le raisonnement sociologique, l’économie comme science et comme politique, la connaissance de l’histoire, mais aussi la psychologie et les conditions de son développement. L’Université de tous les savoirs : une approche contemporaine des différents domaines de la connaissance dans un esprit qui est à la fois celui du bilan encyclopédique et celui du questionnement d’avenir.Contributions, notamment, d’Alain Corbin, Jean Delumeau, Jacques Le Goff, Serge-Christophe Kolm, Jean-Claude Passeron.
856 4 1 _uhttps://shs.cairn.info/l-histoire-la-sociologie-et-l-anthropologie--9782738110558?lang=fr&redirect-ssocas=7080
999 _c1512327
_d1512327